Elegir el futuro: un programa radical para la mejora sostenible de la calidad de vida; textos. Parte
Contenido: 8. Actitudes respecto a la evolución demográfica: un cambio de paradigma.- 9. Redefinir el trabajo.- 10 hacia una política alternativa de educación.- 11 De los servicios médicos a los servicios de salud.- 12 La libertad de elección en materia de procreación y de anticoncepción.- 13 Dar po...
Gespeichert in:
| Körperschaft: | |
|---|---|
| Format: | Unbekannt |
| Veröffentlicht: |
Madrid:
IEPALA
|
| Ausgabe: | 0 |
| Schlagworte: | |
| Tags: |
Tag hinzufügen
Keine Tags, Fügen Sie den ersten Tag hinzu!
|
MARC
| LEADER | 00000 a2200000 04500 | ||
|---|---|---|---|
| 001 | 19269 | ||
| 003 | |||
| 008 | 991231s d | ||
| 040 | |||
| 090 | |a 145503 | ||
| 110 | |a Comisión Independiente sobre Población y Calidad de Vida | ||
| 245 | |a Elegir el futuro: un programa radical para la mejora sostenible de la calidad de vida; textos. Parte | ||
| 250 | |a 0 | ||
| 260 | |a Madrid: |b IEPALA | ||
| 300 | |a 332 p. | ||
| 520 | |a Contenido: 8. Actitudes respecto a la evolución demográfica: un cambio de paradigma.- 9. Redefinir el trabajo.- 10 hacia una política alternativa de educación.- 11 De los servicios médicos a los servicios de salud.- 12 La libertad de elección en materia de procreación y de anticoncepción.- 13 Dar poder a las mujeres | ||
| 650 | |a DEMOGRAFIA | ||
| 650 | |a CRECIMIENTO DEMOGRAFICO | ||
| 650 | |a COMPOSICION DE LA POBLACION | ||
| 650 | |a CAMBIO DEMOGRAFICO | ||
| 650 | |a TRABAJO | ||
| 650 | |a POLITICA LABORAL | ||
| 650 | |a REPRODUCCION | ||
| 650 | |a SALUD REPRODUCTIVA | ||
| 650 | |a MUJERES | ||
| 650 | |a EDUCACION SEXUAL | ||
| 650 | |a EDUCACION DE LA MUJER | ||
| 999 | |c 13312 |d 13312 | ||
